[Event "DEM U14w 2008"]
[Site "Willingen GER"]
[Date "2008.05.13"]
[Round "5"]
[White "Friese, Sarah"]
[Black "Marx, Inga"]
[Result "0-1"]
[Termination "normal"]
[Board "10"]
[WhiteElo "1338"]
[BlackElo "1530"]
[PlyCount "64"]
[WhiteFideId "24691950"]
[BlackFideId "4654749"]
[EventCountry "GER"]
[EventRounds "9"]
[EventType "swiss"]
[EventDate "2008.05.10"]

1. e4 d5 2. exd5 Qxd5 3. Nc3 Qa5 4. Bc4 c6 5. d4 Nf6 6. Bd2 Qc7 7. Qe2 Bf5 8.
O-O-O e6 9. h3 Bd6 10. g4 Bg6 11. Nf3 O-O 12. Ne5 Nbd7 13. f4 b5 14. Bd3 b4 15.
Ne4 Bxe4 16. Bxe4 Nxe4 17. Qxe4 Rfc8 18. Nxd7 Qxd7 19. Rhf1 Re8 20. Qf3 a5 21.
f5 e5 22. f6 e4 23. Qf2 Qe6 24. b3 e3 25. Qf3 e2 26. fxg7 exd1=Q+ 27. Kxd1 Kxg7
28. Re1 Qd5 29. Qd3 Rxe1+ 30. Bxe1 Re8 31. Qd2 Qf3+ 32. Kc1 Bf4 0-1

[Event "DEM U14w 2008"]
[Site "Willingen GER"]
[Date "2008.05.13"]
[Round "5"]
[White "Hümmecke, Miriam"]
[Black "Schäfer, Ann-Kathrin"]
[Result "0-1"]
[Termination "normal"]
[Board "11"]
[WhiteElo "1471"]
[BlackElo "1673"]
[PlyCount "64"]
[BlackFideId "24615412"]
[EventCountry "GER"]
[EventRounds "9"]
[EventType "swiss"]
[EventDate "2008.05.10"]

1. e4 e6 2. d4 d5 3. e5 c5 4. c3 Nc6 5. Nf3 Bd7 6. Be2 f6 7. exf6 Nxf6 8. Bg5
Bd6 9. Na3 a6 10. Nc2 O-O 11. a3 Qb6 12. Rb1 Ne4 13. Bh4 Rae8 14. O-O Qc7 15.
dxc5 Nxc5 16. c4 dxc4 17. Bxc4 b5 18. Ba2 Ne5 19. Nfd4 Nc6 20. g3 Kh8 21. Re1
e5 22. Nf3 Bg4 23. Bd5 e4 24. Bxc6 Qxc6 25. Nfd4 Bxd1 26. Nxc6 Bxc2 27. Ra1 Rf7
28. b4 Ne6 29. Rac1 Bd3 30. Kg2 g5 31. Bxg5 Nxg5 32. Nd4 Ref8 0-1

[Event "DEM U14w 2008"]
[Site "Willingen GER"]
[Date "2008.05.13"]
[Round "5"]
[White "Rogasch, Miriam"]
[Black "Pohl, Theresa"]
[Result "0-1"]
[Termination "normal"]
[Board "12"]
[WhiteElo "1560"]
[BlackElo "1337"]
[PlyCount "60"]
[WhiteFideId "4616324"]
[EventCountry "GER"]
[EventRounds "9"]
[EventType "swiss"]
[EventDate "2008.05.10"]

1. e4 e6 2. d4 d5 3. Nd2 c5 4. c3 Nc6 5. Ngf3 Qb6 6. exd5 exd5 7. Nb3 cxd4 8.
Nfxd4 Nxd4 9. Qxd4 Qe6+ 10. Be3 Nf6 11. O-O-O Bd7 12. Bg5 Ne4 13. Bd3 Qg4 14.
Qxd5 Qxg5+ 15. Qxg5 Nxg5 16. Rhe1+ Ne6 17. Nd4 Be7 18. Nf5 Bg5+ 19. Kb1 O-O 20.
h4 Bf6 21. g4 Nc5 22. Nd6 Bxg4 23. Rd2 Bh5 24. Bc2 Rad8 25. Kc1 b6 26. b4 Ne6
27. Rh1 Bxc3 28. Rd3 Bxb4 29. Nb5 a6 30. Rb3 Bd2+ 0-1

[Event "DEM U14w 2008"]
[Site "Willingen GER"]
[Date "2008.05.14"]
[Round "6"]
[White "Stark, Saskia"]
[Black "Klek, Hanna-Marie"]
[Result "0-1"]
[Termination "normal"]
[Board "1"]
[WhiteElo "1926"]
[BlackElo "1919"]
[PlyCount "58"]
[WhiteFideId "4601050"]
[BlackFideId "24670057"]
[EventCountry "GER"]
[EventRounds "9"]
[EventType "swiss"]
[EventDate "2008.05.10"]

1. e4 e5 2. Nf3 Nc6 3. d4 exd4 4. Nxd4 Nf6 5. Nc3 Bb4 6. Nxc6 bxc6 7. Bd3 O-O
8. Bg5 Re8 9. O-O h6 10. Bh4 d5 11. exd5 Bxc3 12. bxc3 cxd5 13. h3 Re6 14. Rb1
Ba6 15. Qf3 Bxd3 16. cxd3 c6 17. Rb4 Qa5 18. Rfb1 Qxa2 19. Rb8+ Rxb8 20. Rxb8+
Ne8 21. d4 a5 22. Qg3 Qa3 23. Bf6 Rxf6 24. Rxe8+ Kh7 25. Qb8 Qxc3 26. Rh8+ Kg6
27. Qg8 Qc1+ 28. Kh2 Qf4+ 29. Kh1 Re6 0-1

[Event "DEM U14w 2008"]
[Site "Willingen GER"]
[Date "2008.05.14"]
[Round "6"]
[White "Schäfer, Daniela"]
[Black "Tran, My Linh"]
[Result "0-1"]
[Termination "normal"]
[Board "2"]
[WhiteElo "1785"]
[BlackElo "1480"]
[PlyCount "54"]
[WhiteFideId "4624769"]
[BlackFideId "24682462"]
[EventCountry "GER"]
[EventRounds "9"]
[EventType "swiss"]
[EventDate "2008.05.10"]

1. e4 e5 2. Nf3 Nc6 3. Bb5 f5 4. Nc3 fxe4 5. Nxe4 d5 6. Nxe5 dxe4 7. Nxc6 Qg5
8. Qe2 Nf6 9. f4 Qxf4 10. Ne5+ c6 11. d4 Qh4+ 12. g3 Qh3 13. Bc4 Be6 14. Bg5
Bd6 15. Bxe6 Qxe6 16. Nc4 Bc7 17. O-O-O O-O-O 18. Kb1 Rd5 19. Bxf6 gxf6 20. c3
h5 21. Rde1 Re8 22. Nd2 Ra5 23. b3 f5 24. Qxh5 f4 25. Qh4 e3 26. Nc4 Qg6+ 27.
Kb2 Rh5 0-1

[Event "DEM U14w 2008"]
[Site "Willingen GER"]
[Date "2008.05.14"]
[Round "6"]
[White "Schulz, Anja"]
[Black "Zimmerer, Leah"]
[Result "1-0"]
[Termination "normal"]
[Board "3"]
[WhiteElo "1863"]
[BlackElo "1590"]
[PlyCount "67"]
[WhiteFideId "24647845"]
[BlackFideId "4620240"]
[EventCountry "GER"]
[EventRounds "9"]
[EventType "swiss"]
[EventDate "2008.05.10"]

1. e4 c5 2. Nf3 e6 3. d4 cxd4 4. Nxd4 a6 5. Bd3 Nf6 6. Nc3 Qc7 7. O-O Bc5 8.
Nb3 Be7 9. Qe2 d6 10. f4 Nc6 11. Bd2 O-O 12. Rae1 b6 13. Rf3 Bb7 14. Rh3 e5 15.
Nd5 Qd8 16. f5 h6 17. Qf2 Nxd5 18. exd5 Nb8 19. c4 Bg5 20. Bxg5 Qxg5 21. Nd2
Nd7 22. Ne4 Qe7 23. f6 Nxf6 24. Nxf6+ Qxf6 25. Qxf6 gxf6 26. Rxh6 Rfd8 27. Re3
Kg7 28. Rh7+ Kf8 29. Rg3 Rd7 30. Rgg7 Ra7 31. Bf5 Rc7 32. Rg4 Ba8 33. Rh8+ Ke7
34. Rgg8 1-0

[Event "DEM U14w 2008"]
[Site "Willingen GER"]
[Date "2008.05.14"]
[Round "6"]
[White "Rethmann, Kristin"]
[Black "Kühnel, Lena"]
[Result "1-0"]
[Termination "normal"]
[Board "4"]
[WhiteElo "1453"]
[BlackElo "1672"]
[PlyCount "39"]
[WhiteFideId "24655805"]
[BlackFideId "24640956"]
[EventCountry "GER"]
[EventRounds "9"]
[EventType "swiss"]
[EventDate "2008.05.10"]

1. e4 e5 2. Bc4 Nf6 3. d3 Nc6 4. Nf3 Bc5 5. Bb3 d6 6. c3 a6 7. Nbd2 O-O 8. h3
Ba7 9. O-O h6 10. Re1 Kh8 11. Nf1 Nh5 12. Ng5 Qf6 13. Nf3 Nf4 14. Bxf4 Qxf4 15.
Ne3 Ne7 16. Bc2 Be6 17. d4 Rad8 18. Qe2 Ng6 19. Nf5 Bxf5 20. g3 1-0

[Event "DEM U14w 2008"]
[Site "Willingen GER"]
[Date "2008.05.14"]
[Round "6"]
[White "Schätz, Annika"]
[Black "Orhan, Eda"]
[Result "1-0"]
[Termination "normal"]
[Board "5"]
[WhiteElo "1729"]
[BlackElo "1534"]
[PlyCount "113"]
[WhiteFideId "24674796"]
[BlackFideId "24659258"]
[EventCountry "GER"]
[EventRounds "9"]
[EventType "swiss"]
[EventDate "2008.05.10"]

1. e4 d5 2. exd5 Qxd5 3. Nc3 Qd6 4. d4 Nf6 5. g3 c6 6. Bg2 Bg4 7. Nge2 e6 8.
O-O Nbd7 9. Re1 Be7 10. a3 Qc7 11. h3 Bh5 12. Bf4 Bd6 13. Qd2 O-O 14. Ne4 Nxe4
15. Bxe4 Bg6 16. Bg2 Nf6 17. Bxd6 Qxd6 18. Nf4 Rad8 19. Rad1 Rfe8 20. Nxg6 hxg6
21. Qa5 Qb8 22. c4 b6 23. Qe5 c5 24. Qxb8 Rxb8 25. dxc5 bxc5 26. Rd2 Red8 27.
Red1 Rxd2 28. Rxd2 Kf8 29. Kf1 Ke7 30. Ke2 g5 31. Kd3 Rb3+ 32. Kc2 Rb8 33. Kc3
a5 34. b3 Nd7 35. Rb2 Nb6 36. Bc6 Kd6 37. Bb5 f5 38. Rd2+ Ke7 39. b4 axb4+ 40.
axb4 cxb4+ 41. Kxb4 g6 42. Kc5 e5 43. Rd6 Rc8+ 44. Rc6 Rxc6+ 45. Kxc6 Nd7 46.
Kd5 e4 47. Bxd7 Kxd7 48. g4 Kc7 49. gxf5 gxf5 50. Ke5 g4 51. hxg4 e3 52. fxe3
fxg4 53. Kf4 Kd6 54. Kxg4 Kc5 55. Kf5 Kd6 56. c5+ Ke7 57. e4 1-0

[Event "DEM U14w 2008"]
[Site "Willingen GER"]
[Date "2008.05.14"]
[Round "6"]
[White "Kostré, Margarita"]
[Black "Evers, Annika"]
[Result "1-0"]
[Termination "normal"]
[Board "6"]
[WhiteElo "1752"]
[BlackElo "1516"]
[PlyCount "99"]
[WhiteFideId "4673344"]
[BlackFideId "24691933"]
[EventCountry "GER"]
[EventRounds "9"]
[EventType "swiss"]
[EventDate "2008.05.10"]

1. e4 c5 2. Nf3 e6 3. c4 Nc6 4. d4 cxd4 5. Nxd4 Nf6 6. Nc3 Bb4 7. Nxc6 bxc6 8.
e5 Ne4 9. Bd2 Nxd2 10. Qxd2 O-O 11. Bd3 f6 12. exf6 Qxf6 13. O-O d5 14. Qc2 g6
15. a3 Bd6 16. Ne2 e5 17. cxd5 cxd5 18. Qc6 Rb8 19. Qxd5+ Kh8 20. b4 Bb7 21.
Qc4 Rbe8 22. Be4 Bc8 23. Nc3 Qg5 24. Rad1 Be7 25. Rd3 Qh4 26. Qc7 Bf6 27. Qxa7
Bg7 28. b5 Be6 29. Rg3 Bh6 30. Nd5 Qxe4 31. Nc7 Re7 32. Qc5 Rff7 33. b6 Qb7 34.
Qxe5+ Bg7 35. Qc5 Bf5 36. Rd1 Be5 37. Rd8+ Kg7 38. Re3 Bxc7 39. Qc3+ Kh6 40.
Rd4 g5 41. Rxe7 Rxe7 42. Rb4 Be5 43. Qc5 Bd6 44. Qxd6+ Kh5 45. Qd1+ Kh6 46. h4
Re6 47. Qd8 Qg7 48. Qxg5+ Qxg5 49. hxg5+ Kxg5 50. b7 1-0

[Event "DEM U14w 2008"]
[Site "Willingen GER"]
[Date "2008.05.14"]
[Round "6"]
[White "Korman, Jewgenija"]
[Black "Marx, Inga"]
[Result "1-0"]
[Termination "normal"]
[Board "7"]
[WhiteElo "1774"]
[BlackElo "1530"]
[PlyCount "39"]
[WhiteFideId "24606669"]
[BlackFideId "4654749"]
[EventCountry "GER"]
[EventRounds "9"]
[EventType "swiss"]
[EventDate "2008.05.10"]

1. e4 d5 2. exd5 Qxd5 3. Nc3 Qa5 4. Bc4 c6 5. d4 Nf6 6. Bd2 Qc7 7. Nf3 Bg4 8.
Qe2 e6 9. O-O-O b5 10. Bb3 a5 11. d5 Bxf3 12. gxf3 a4 13. Nxb5 Qb6 14. Bc4 cxd5
15. Bf4 Kd7 16. Nc7 Ra7 17. Nxd5 Nxd5 18. Bxd5 exd5 19. Rxd5+ Kc8 20. Qe8+ 1-0

[Event "DEM U14w 2008"]
[Site "Willingen GER"]
[Date "2008.05.14"]
[Round "6"]
[White "Pohl, Theresa"]
[Black "Weißenburg, Isabel"]
[Result "1-0"]
[Termination "normal"]
[Board "8"]
[WhiteElo "1337"]
[BlackElo "1406"]
[PlyCount "61"]
[BlackFideId "4612922"]
[EventCountry "GER"]
[EventRounds "9"]
[EventType "swiss"]
[EventDate "2008.05.10"]

1. d4 d5 2. c4 e6 3. Nc3 Nf6 4. Nf3 Be7 5. Bg5 O-O 6. e3 c6 7. Bd3 dxc4 8. Bxc4
b5 9. Bd3 a6 10. e4 Nbd7 11. O-O c5 12. Be3 Bb7 13. Qc2 c4 14. Be2 Rc8 15. e5
Nd5 16. a4 b4 17. Nd1 b3 18. Qc1 f6 19. exf6 Bxf6 20. Bd2 a5 21. Ne3 N7b6 22.
Bxa5 Ra8 23. Nxc4 Rc8 24. Qd1 Rc6 25. Qxb3 Nf4 26. Rfe1 Qd5 27. Bxb6 Nxe2+ 28.
Rxe2 Qxc4 29. Qxc4 Rxc4 30. Ne5 Ra8 31. Nxc4 1-0

[Event "DEM U14w 2008"]
[Site "Willingen GER"]
[Date "2008.05.14"]
[Round "6"]
[White "Schäfer, Ann-Kathrin"]
[Black "Plumbaum, Nadja"]
[Result "0-1"]
[Termination "normal"]
[Board "9"]
[WhiteElo "1673"]
[BlackElo "1404"]
[PlyCount "36"]
[WhiteFideId "24615412"]
[BlackFideId "24691941"]
[EventCountry "GER"]
[EventRounds "9"]
[EventType "swiss"]
[EventDate "2008.05.10"]

1. e4 c5 2. Nf3 Nc6 3. d4 cxd4 4. Nxd4 g6 5. Nc3 Bg7 6. Be3 Nf6 7. f4 O-O 8.
Be2 Qb6 9. Rb1 Nxe4 10. Nxe4 Bxd4 11. Bxd4 Nxd4 12. Bc4 Nf5 13. Qd3 Qe3+ 14.
Qe2 Qxf4 15. Nf2 d6 16. Qe4 Qe3+ 17. Qxe3 Nxe3 18. Bd3 Nxg2+ 0-1

[Event "DEM U14w 2008"]
[Site "Willingen GER"]
[Date "2008.05.14"]
[Round "6"]
[White "Brühan, Caren"]
[Black "Rozenfeld, Elisabeth"]
[Result "1/2-1/2"]
[Termination "normal"]
[Board "10"]
[WhiteElo "1221"]
[BlackElo "1372"]
[PlyCount "63"]
[WhiteFideId "24691976"]
[BlackFideId "4624742"]
[EventCountry "GER"]
[EventRounds "9"]
[EventType "swiss"]
[EventDate "2008.05.10"]

1. Nf3 d5 2. d4 Nf6 3. Bf4 c5 4. e3 Nc6 5. h3 e6 6. Nc3 Be7 7. Bb5 O-O 8. O-O
a6 9. Bxc6 bxc6 10. Ne5 Bb7 11. Re1 cxd4 12. exd4 Nd7 13. Qg4 Nxe5 14. Bxe5 Bf6
15. Rad1 Bxe5 16. Rxe5 Kh8 17. Rd3 f5 18. Qh5 Rf6 19. Rg3 Qe8 20. Qg5 Rg6 21.
Qe3 Rxg3 22. Qxg3 Bc8 23. Qf3 Qf8 24. Ne2 Qb4 25. Qc3 Rb8 26. Qxc6 h6 27. b3
Qe1+ 28. Kh2 Qxf2 29. Qd6 Ra8 30. Qc6 Rb8 31. Qd6 Ra8 32. Qc6 1/2-1/2

[Event "DEM U14w 2008"]
[Site "Willingen GER"]
[Date "2008.05.14"]
[Round "6"]
[White "Schätz, Bianca"]
[Black "Hümmecke, Miriam"]
[Result "1-0"]
[Termination "normal"]
[Board "11"]
[WhiteElo "1311"]
[BlackElo "1471"]
[PlyCount "39"]
[WhiteFideId "24655821"]
[EventCountry "GER"]
[EventRounds "9"]
[EventType "swiss"]
[EventDate "2008.05.10"]

1. e4 e5 2. Nf3 Nc6 3. d4 exd4 4. Nxd4 Qf6 5. Nb5 Bc5 6. Be3 Bxe3 7. fxe3 Qd8
8. Qg4 g6 9. Qf4 d6 10. Bc4 Ne5 11. O-O f5 12. Bb3 Nf6 13. exf5 Bxf5 14. N1c3
Qe7 15. e4 Nh5 16. Qd2 a6 17. Nd5 Qg7 18. Nbxc7+ Kd7 19. Nxa8 Rxa8 20. Nb6+ 1-0

[Event "DEM U14w 2008"]
[Site "Willingen GER"]
[Date "2008.05.14"]
[Round "6"]
[White "Rogasch, Miriam"]
[Black "Friese, Sarah"]
[Result "1-0"]
[Termination "normal"]
[Board "12"]
[WhiteElo "1560"]
[BlackElo "1338"]
[PlyCount "75"]
[WhiteFideId "4616324"]
[BlackFideId "24691950"]
[EventCountry "GER"]
[EventRounds "9"]
[EventType "swiss"]
[EventDate "2008.05.10"]

1. e4 c6 2. d4 d5 3. e5 Bf5 4. Nc3 e6 5. g4 Bg6 6. h4 h6 7. h5 Bh7 8. Bd3 Bxd3
9. Qxd3 Nd7 10. Be3 Qb6 11. O-O-O c5 12. Na4 Qc6 13. Nxc5 Bxc5 14. dxc5 Nxc5
15. Bxc5 Qxc5 16. f4 Ne7 17. Nf3 Rc8 18. Nd4 a6 19. f5 exf5 20. Nxf5 Nxf5 21.
gxf5 Qc4 22. Qxc4 dxc4 23. Rh4 O-O 24. Rg4 Kh7 25. Rd7 Rc5 26. Re4 b5 27. e6
fxe6 28. fxe6 Rcc8 29. Kd2 Rcd8 30. Ke3 Rxd7 31. exd7 Rd8 32. Re7 a5 33. Kd4 a4
34. b4 cxb3 35. cxb3 axb3 36. axb3 b4 37. Kd5 Rc8 38. Rxg7+ 1-0

[Event "DEM U14w 2008"]
[Site "Willingen GER"]
[Date "2008.05.15"]
[Round "7"]
[White "Klek, Hanna-Marie"]
[Black "Tran, My Linh"]
[Result "1/2-1/2"]
[Termination "normal"]
[Board "1"]
[WhiteElo "1919"]
[BlackElo "1480"]
[PlyCount "66"]
[WhiteFideId "24670057"]
[BlackFideId "24682462"]
[EventCountry "GER"]
[EventRounds "9"]
[EventType "swiss"]
[EventDate "2008.05.10"]

1. e4 e5 2. Nf3 Nc6 3. d4 exd4 4. Nxd4 Nf6 5. Nxc6 bxc6 6. e5 Qe7 7. Qe2 Nd5 8.
c4 Nb6 9. g3 Qe6 10. Nd2 a5 11. b3 a4 12. Bb2 axb3 13. axb3 Rxa1+ 14. Bxa1 Bb4
15. Bg2 O-O 16. O-O d5 17. Nf3 c5 18. cxd5 Nxd5 19. Qc2 Ne7 20. Bc3 Qf5 21. Rc1
Qxc2 22. Rxc2 Bf5 23. Rc1 Rc8 24. Nd2 Be6 25. Kf1 Nd5 26. Bxb4 cxb4 27. Rc4 c5
28. Bxd5 Bxd5 29. Rc1 Kf8 30. Ke2 Ke7 31. f4 f6 32. exf6+ Kxf6 33. Kd3 Kf5
1/2-1/2

[Event "DEM U14w 2008"]
[Site "Willingen GER"]
[Date "2008.05.15"]
[Round "7"]
[White "Schulz, Anja"]
[Black "Schätz, Annika"]
[Result "1-0"]
[Termination "normal"]
[Board "2"]
[WhiteElo "1863"]
[BlackElo "1729"]
[PlyCount "49"]
[WhiteFideId "24647845"]
[BlackFideId "24674796"]
[EventCountry "GER"]
[EventRounds "9"]
[EventType "swiss"]
[EventDate "2008.05.10"]

1. e4 c5 2. Nf3 d6 3. d4 cxd4 4. Nxd4 Nf6 5. Nc3 Nc6 6. Bc4 e6 7. O-O Be7 8.
Be3 O-O 9. Bb3 d5 10. exd5 Nxd5 11. Nxd5 exd5 12. Qf3 Be6 13. Rad1 Na5 14. c4
Qd7 15. Nxe6 fxe6 16. Qg4 Nxb3 17. axb3 Qc6 18. Rfe1 Rae8 19. cxd5 exd5 20. Rc1
Qb5 21. Bd4 Rf7 22. Qe6 Ref8 23. Qxe7 Rxe7 24. Rxe7 Qd3 25. Rxg7+ 1-0

[Event "DEM U14w 2008"]
[Site "Willingen GER"]
[Date "2008.05.15"]
[Round "7"]
[White "Rethmann, Kristin"]
[Black "Stark, Saskia"]
[Result "1/2-1/2"]
[Termination "normal"]
[Board "3"]
[WhiteElo "1453"]
[BlackElo "1926"]
[PlyCount "92"]
[WhiteFideId "24655805"]
[BlackFideId "4601050"]
[EventCountry "GER"]
[EventRounds "9"]
[EventType "swiss"]
[EventDate "2008.05.10"]

1. e4 d5 2. exd5 Qxd5 3. Nc3 Qd6 4. Bc4 Nf6 5. d3 a6 6. h3 b5 7. Bb3 Bb7 8. Nf3
e6 9. Qe2 Nbd7 10. O-O Be7 11. Re1 O-O 12. Bg5 Rfe8 13. Bxf6 Nxf6 14. Nd2 Rad8
15. Nce4 Qd4 16. Rab1 Nxe4 17. Nxe4 a5 18. a3 a4 19. Ba2 c5 20. Qe3 b4 21. Qxd4
Rxd4 22. Bc4 Bc6 23. Ra1 Red8 24. Kf1 Kf8 25. g3 Rb8 26. b3 axb3 27. cxb3 bxa3
28. Rxa3 Bd5 29. h4 Bxc4 30. bxc4 Rbd8 31. Ke2 h6 32. Rb1 f5 33. Nd2 g5 34.
hxg5 hxg5 35. Rb6 Kf7 36. Nf3 R4d6 37. Rxd6 Rxd6 38. Ra5 Rd8 39. Ra7 Kf6 40.
Nxg5 Rb8 41. Nf3 Rb2+ 42. Ke3 Bd6 43. Ra6 Bf8 44. Ng1 Bh6+ 45. f4 Rg2 46. Ne2
Bf8 1/2-1/2

[Event "DEM U14w 2008"]
[Site "Willingen GER"]
[Date "2008.05.15"]
[Round "7"]
[White "Schäfer, Daniela"]
[Black "Korman, Jewgenija"]
[Result "1-0"]
[Termination "normal"]
[Board "4"]
[WhiteElo "1785"]
[BlackElo "1774"]
[PlyCount "73"]
[WhiteFideId "4624769"]
[BlackFideId "24606669"]
[EventCountry "GER"]
[EventRounds "9"]
[EventType "swiss"]
[EventDate "2008.05.10"]

1. e4 c6 2. d4 d5 3. exd5 cxd5 4. Bd3 Nc6 5. c3 Nf6 6. Bf4 Bg4 7. Qb3 Qd7 8.
Nd2 e6 9. Ngf3 a6 10. O-O Be7 11. Rfe1 Rc8 12. Ne5 Nxe5 13. dxe5 Nh5 14. Be3 g5
15. f3 Bf5 16. Bxf5 exf5 17. Re2 Rg8 18. Rae1 Rg6 19. Rd1 f4 20. Bd4 g4 21. Kf1
g3 22. h3 Ng7 23. c4 Ne6 24. Bg1 dxc4 25. Nxc4 Qc7 26. Rc2 Qb8 27. Nd6+ Bxd6
28. exd6 Rxc2 29. Qxc2 Rg8 30. Qxh7 Rf8 31. d7+ Ke7 32. Qh4+ f6 33. Qh7+ Rf7
34. Qe4 Qe5 35. Bc5+ Kd8 36. Bb6+ Nc7 37. Bxc7+ 1-0

[Event "DEM U14w 2008"]
[Site "Willingen GER"]
[Date "2008.05.15"]
[Round "7"]
[White "Kühnel, Lena"]
[Black "Kostré, Margarita"]
[Result "0-1"]
[Termination "normal"]
[Board "5"]
[WhiteElo "1672"]
[BlackElo "1752"]
[PlyCount "74"]
[WhiteFideId "24640956"]
[BlackFideId "4673344"]
[EventCountry "GER"]
[EventRounds "9"]
[EventType "swiss"]
[EventDate "2008.05.10"]

1. e4 e5 2. Nf3 Nc6 3. Bc4 Nf6 4. d4 exd4 5. e5 d5 6. Bb5 Ne4 7. Nxd4 Bd7 8.
Bxc6 bxc6 9. O-O Bc5 10. f3 Ng5 11. f4 Ne6 12. Be3 Bxd4 13. Bxd4 c5 14. Be3 d4
15. Bc1 f5 16. Nd2 Bb5 17. Rf2 O-O 18. Nf3 c4 19. b3 c5 20. Nd2 d3 21. Nxc4
Bxc4 22. bxc4 Qd4 23. Rb1 dxc2 24. Qxc2 Rab8 25. Rxb8 Rxb8 26. Bb2 Qe4 27. Qxe4
fxe4 28. g3 Rb4 29. Rc2 Nd4 30. Bxd4 cxd4 31. Kf2 d3 32. Rc1 Rb2+ 33. Kf1 e3
34. Re1 e2+ 35. Kf2 d2 36. Rxe2 d1=Q 37. Rxb2 Qd4+ 0-1

[Event "DEM U14w 2008"]
[Site "Willingen GER"]
[Date "2008.05.15"]
[Round "7"]
[White "Orhan, Eda"]
[Black "Schätz, Bianca"]
[Result "1/2-1/2"]
[Termination "normal"]
[Board "6"]
[WhiteElo "1534"]
[BlackElo "1311"]
[PlyCount "42"]
[WhiteFideId "24659258"]
[BlackFideId "24655821"]
[EventCountry "GER"]
[EventRounds "9"]
[EventType "swiss"]
[EventDate "2008.05.10"]

1. d4 f5 2. Nf3 Nf6 3. g3 d6 4. Bg2 g6 5. O-O Bg7 6. Bf4 O-O 7. c4 Qe8 8. h3
Nbd7 9. d5 a5 10. Qc2 Nc5 11. Nbd2 Bd7 12. a3 c6 13. b4 axb4 14. axb4 Rxa1 15.
Rxa1 Nh5 16. Ra7 Nxf4 17. gxf4 Na6 18. Rxb7 Bc8 19. Rb6 Qd8 20. c5 dxc5 21.
bxc5 cxd5 1/2-1/2

[Event "DEM U14w 2008"]
[Site "Willingen GER"]
[Date "2008.05.15"]
[Round "7"]
[White "Plumbaum, Nadja"]
[Black "Pohl, Theresa"]
[Result "0-1"]
[Termination "normal"]
[Board "7"]
[WhiteElo "1404"]
[BlackElo "1337"]
[PlyCount "186"]
[WhiteFideId "24691941"]
[EventCountry "GER"]
[EventRounds "9"]
[EventType "swiss"]
[EventDate "2008.05.10"]

1. c4 Nf6 2. g3 g6 3. Bg2 Bg7 4. Nc3 O-O 5. Nf3 d6 6. O-O c5 7. a3 a5 8. d3 Na6
9. Bd2 Bd7 10. Ne1 Rb8 11. Nc2 Bc6 12. Bxc6 bxc6 13. Rb1 h5 14. Qe1 Qd7 15. Nd1
h4 16. Bxa5 Qh3 17. f3 hxg3 18. Qxg3 Qxg3+ 19. hxg3 Nh5 20. Kg2 Rb7 21. Bc3
Rfb8 22. Bxg7 Kxg7 23. Na1 Nc7 24. b3 Ne6 25. e3 d5 26. Nf2 Nf6 27. Rb2 Ra7 28.
Nc2 Rab7 29. b4 cxb4 30. axb4 Nc5 31. Ra2 Nb3 32. Ra3 dxc4 33. Rd1 Nd5 34. dxc4
Nxb4 35. Nxb4 Rxb4 36. Rd7 R8b7 37. Rxb7 Rxb7 38. Ra6 Rc7 39. Nd3 Nd2 40. c5
Nc4 41. Kf2 Nd2 42. Nb4 Nb3 43. Rxc6 Rxc6 44. Nxc6 e6 45. f4 Nxc5 46. Kf3 Nb3
47. Ke2 Nc5 48. g4 Ne4 49. Nd4 Nd6 50. Kf3 Nc4 51. Nb3 e5 52. Ke4 f6 53. Kd3
Nb2+ 54. Ke4 Nc4 55. Na1 Kf7 56. Nc2 Ke6 57. f5+ gxf5+ 58. gxf5+ Kd6 59. Nb4
Kc5 60. Nd3+ Kd6 61. Nf2 Ke7 62. Ng4 Nd6+ 63. Kd5 Nxf5 64. Nxe5 Nxe3+ 65. Ke4
Ke6 66. Nd3 Nd5 67. Kf3 f5 68. Nc5+ Ke5 69. Nd3+ Kd4 70. Nf4 Ke5 71. Nd3+ Kf6
72. Kg2 Kg6 73. Kf3 Kg5 74. Kg3 Nc3 75. Kf3 Ne4 76. Ke3 Kg4 77. Ne5+ Kg3 78.
Nd3 Nf6 79. Nf4 Ng4+ 80. Ke2 Kxf4 81. Kf1 Kf3 82. Kg1 Ke2 83. Kg2 f4 84. Kh3 f3
85. Kh4 f2 86. Kg3 f1=Q 87. Kxg4 Qf3+ 88. Kg5 Ke3 89. Kh6 Qg4 90. Kh7 Kf4 91.
Kh8 Kf5 92. Kh7 Kf6 93. Kh8 Qg7# 0-1

[Event "DEM U14w 2008"]
[Site "Willingen GER"]
[Date "2008.05.15"]
[Round "7"]
[White "Zimmerer, Leah"]
[Black "Rozenfeld, Elisabeth"]
[Result "1-0"]
[Termination "normal"]
[Board "8"]
[WhiteElo "1590"]
[BlackElo "1372"]
[PlyCount "73"]
[WhiteFideId "4620240"]
[BlackFideId "4624742"]
[EventCountry "GER"]
[EventRounds "9"]
[EventType "swiss"]
[EventDate "2008.05.10"]

1. e4 c5 2. Nf3 Nc6 3. d4 cxd4 4. Nxd4 g6 5. Be3 Bg7 6. Bc4 Nf6 7. Nc3 d6 8. f3
e5 9. Ndb5 Bf8 10. Bg5 Nb4 11. Bxf6 Qxf6 12. Nc7+ Kd8 13. Nxa8 Be6 14. Nd5 Bxd5
15. Bxd5 Kc8 16. a3 Na6 17. Qd3 Kb8 18. b4 Qe7 19. O-O Bh6 20. Rab1 Rc8 21. Rb3
Bf4 22. g3 Bh6 23. Kh1 Qd7 24. Rd1 Qa4 25. Bc4 Qc6 26. Bxa6 bxa6 27. Qxd6+ Qxd6
28. Rxd6 Kxa8 29. c3 Be3 30. Rd3 Bg5 31. Rb1 f5 32. Rbd1 fxe4 33. fxe4 Rc4 34.
h4 Bf6 35. Rd6 Be7 36. Rd7 Bf6 37. R1d6 1-0

[Event "DEM U14w 2008"]
[Site "Willingen GER"]
[Date "2008.05.15"]
[Round "7"]
[White "Evers, Annika"]
[Black "Brühan, Caren"]
[Result "1-0"]
[Termination "normal"]
[Board "9"]
[WhiteElo "1516"]
[BlackElo "1221"]
[PlyCount "121"]
[WhiteFideId "24691933"]
[BlackFideId "24691976"]
[EventCountry "GER"]
[EventRounds "9"]
[EventType "swiss"]
[EventDate "2008.05.10"]

1. e4 c5 2. Nf3 Nc6 3. c4 g6 4. d4 cxd4 5. Nxd4 Bg7 6. Be3 Qb6 7. Nb3 Qc7 8.
Nc3 Bxc3+ 9. bxc3 Nf6 10. f3 b6 11. Be2 Ba6 12. c5 Qb7 13. cxb6 axb6 14. O-O
O-O 15. Rb1 Bxe2 16. Qxe2 Qa6 17. Qxa6 Rxa6 18. Rf2 d5 19. Bg5 dxe4 20. Bxf6
exf6 21. fxe4 Kg7 22. Rbf1 f5 23. exf5 gxf5 24. Nc1 Ne7 25. Re1 Re8 26. Rxf5
Nxf5 27. Rxe8 Ra3 28. Rc8 Nd6 29. Rc6 Ne4 30. Rxb6 Rxc3 31. Rb1 Kf6 32. Ra1 Ra3
33. Kf1 Ke5 34. Ne2 Kd5 35. g3 Rf3+ 36. Kg1 Ra3 37. Kg2 Kc4 38. Kh3 Kd3 39.
Nf4+ Kc2 40. Re1 Nc3 41. Re7 Rxa2 42. Rxf7 Ne4 43. Re7 Nf2+ 44. Kh4 Kb3 45.
Rxh7 Ne4 46. h3 Ra4 47. g4 Nf6 48. Rb7+ Ka3 49. Ne6 Ka2 50. Kg5 Ne4+ 51. Kh6
Ra6 52. Re7 Nc5 53. g5 Nxe6 54. Rxe6 Rxe6+ 55. g6 Kb3 56. Kh7 Kc4 57. g7 Re8
58. g8=Q+ Rxg8 59. Kxg8 Kd5 60. h4 Ke5 61. h5 1-0